000 00610nam a2200193Ia 4500
008 151121s9999||||xx |||||||||||||| ||und||
082 _a920/जागीर
082 _bHNW-52823
100 _aजागीरदार गजानन
245 _aपाऊलखुणा
260 _b"मॅजेस्टिक प्रकाशन, पुणे"
260 _c--
300 _a260
600 _aजागीरदार गजानन
630 _aपाऊलखुणा
700 _aजागीरदार गजानन
730 _aपाऊलखुणा
942 _cBOOK
999 _c1236704
_d1236701